| 000 | 00386nab a2200133Ia 4500 | ||
|---|---|---|---|
| 003 | ES-SlBCS | ||
| 005 | 20210601131726.0 | ||
| 008 | 140529s1951 xxu||||| |||| 00| 0 fre d | ||
| 041 | _afre | ||
| 100 | 1 |
_aMartel, Pierre-Albin _9188289 |
|
| 245 | 0 | 0 |
_aLes procès de Grand-Bassam _c Pierre-Albin Martel |
| 773 | 0 |
_tVie Intelectuelle (La) _gnº. 12, 1951, págs. 97-99 _wRev907 |
|
| 942 | _cAR | ||
| 999 |
_c567698 _d567698 |
||